| 000 | 00579nam a2200193Ia 4500 | ||
|---|---|---|---|
| 001 | 54316 | ||
| 003 | OSt | ||
| 005 | 20150709093653.0 | ||
| 008 | 140505s9999 xx 000 0 und d | ||
| 020 | _aNA | ||
| 040 | _cPK-LaUMT | ||
| 082 |
_a 891.4393 _bUME-D |
||
| 100 | _aUmera Ahmed(عمیرہ احمد) | ||
| 245 |
_aDarbar-e-dil (Urdu)(دربارے دل) _cUmera Ahmed(عمیرہ احمد) |
||
| 260 |
_aLahore,Pakistan:(لاہور،پاکستان) _bIlm-o-Irfan Publishers,(علم و عرفان پبلشرز) _c2012 |
||
| 300 | _a144 p. | ||
| 546 | _aUR | ||
| 942 |
_cBK _2ddc |
||
| 999 |
_c51724 _d51724 |
||